000 01198nam0a22002411i 4500
001 rc\3278845
005 20240723223242.0
021 _aRU
_b[73-22497а]
035 _a(NLR Aleph) 007396829
090 _a6670113
_c6670113
100 _a20130115d1972 |||y0rusy50 ca
101 0 _arus
102 _aRU
105 _ay d |||||
200 1 _aПути повышения рентабельности производства семян сахарной свеклы в свеклосеменоводческих совхозах юго-восточной зоны Центрально-Черноземного района
_e(На примере семеноводч. свеклосовхозов Тамбов., Липец., Воронеж. обл.)
_eАвтореф. дис. на соиск. учен. степени канд. экон. наук
_e(08.594)
_fВсесоюз. науч.-исслед. ин-т сахарной свеклы
210 _aКиев
_d1972
215 _a25 с.
320 _aСписок работ авт.: с. 25 (6 назв.)
700 1 _aЗубрицкий
_bР.В.
801 0 _aRU
_bNLR
_gpsbo
801 1 _aRU
_bELAR
_2rusmarc
852 _aNLR
_j74-4/22486
942 _cBOOK